000 00542nam a2200193Ia 4500
001 41455
008 190827n ii |||gr||||Z||||||asm
082 _a294.23
100 _aSarmah, Nabin Chandra .
245 0 _aAxamiya Sampurna Srimadbhagavata /
_cNabin Chandra Sarmah.
_hTextual Documents
250 _aist ed /
260 _aGuwahati :
_bJyoti Prakashan ,
_c2004.
300 _a1447pg ; :
_c25cm.
653 _aAssamese Religions
653 _aReligions Assamese
653 _aG-Assamese
653 _aMS- Assamese
942 _2ddc
_cBK
999 _c41422
_d41422